| 000 | 00463nam a22001817a 4500 | ||
|---|---|---|---|
| 003 | CEME | ||
| 005 | 20210628205032.0 | ||
| 008 | 210203b xxu||||| |||| 00| 0 eng d | ||
| 020 | _a0-201-62483-4 | ||
| 040 | _c. | ||
| 082 | _a297 MER | ||
| 100 |
_aFatima Mernissi _973548 |
||
| 245 | _aIslam and democracy, fear of the modern world | ||
| 260 |
_aNEW DELHI _bPERSEUS BOOKS _c1992 |
||
| 300 | _a196 | ||
| 650 |
_aISLAM AND DEMOCRACY _973549 |
||
| 942 |
_cBK _2ddc |
||
| 999 |
_c579247 _d579247 |
||